000 00330nam a2200121Ia 4500
005 20251222154341.0
008 251222s9999||||xx |||||||||||||| ||spa||
020 _a84-261-5799-8
082 _aREF.030/S63
100 _a"Sobrequés CallicÓ, Jauna Feliu Monfort, Gaspar"
245 0 _aEnciclopedia universal juventud
942 _cLIB
999 _c34543
_d34543